00365nam a2200121Ia 4500003000400000005001700004008004100021040001800062041000800080100003900088245008000127260003600207OSt20260130145922.0211028s2018 xx 000 0 und d cAIMIT LIBRARY aeng aTauro, Stacy; Harinakshi.g1616201 aStudy on the effectiveness of employee engagement at KMC hospital Attavar / aMangalorebRayan D Souza.c2018